01178nam a2200325 i 4500001001000000003000400010005001700014007000300031008003100034020001800065040003000083082002900113100004400142245009200186264006200278300002800340336002800368337003300396338002900429490003100458500005700489590002700546650002200573650002600595710003700621910003900658942001200697952012600709999001700835000044651OSt20240118075644.0ta141211s2011 dr 000 0 spa d a9789945420999 aDO-SdBNPbspacBPMSUerda 4aRD863.44bR789a 20112221 aRosario Candelier, Bruno,d1941-eautor13aLa aventura visionaria :bencanto y sentido de la ficción /cBruno Rosario Candelier. aSanto Domingo :bAcademia Dominicana de la Lengua,c2011. a485 páginas ;c23 cm. 2rdacontent atextobtxt 2rdamediaasin mediaciónbn 2rdacarrier avolumenbnc0 aPor las amenas liras ;v10 aIncluye datos biográficos del autor en las solapas aInventariado, 2024 /VM 4aNovela dominicana 4aLiteratura dominicana2 aAcademia Dominicana de la Lengua aVMateo V. Control de calidad BPMSU 2ddccBK 00102ddc40708CDaBPMETbBPMETd2024-01-18l0oBPMSU CD RD863.44 R789a 2011pBPMSU24010025r2024-01-18w2024-01-18yBK c14532d14532